| 000 | 01929nam0a2200385 4500 | ||
|---|---|---|---|
| 001 | RU\NLR\bibl\1029505 | ||
| 005 | 20260406062136.0 | ||
| 010 |
_a5-7062-0191-9 _bВ пер. _910000 |
||
| 021 |
_aRU _b2006-74980 _93791 |
||
| 035 | _a(nilc)RSL-KNO-002980110 | ||
| 035 | _a(NLR Aleph) 001016984 | ||
| 090 |
_a674282 _c674282 |
||
| 100 | _a20061117d2006 |||y0rusy50 ca | ||
| 101 | 0 |
_arus _ager |
|
| 102 | _aRU | ||
| 105 | _ay zzzz||||| | ||
| 106 | _ar | ||
| 200 | 1 |
_aНемецко-русский и русско-немецкий словарь _dDeutsch-Russisch Russisch-Deutsch Worterbuch _eоколо 20000 слов в каждой части _f[сост.: Филиппова М. С. ] |
|
| 210 |
_aСанкт-Петербург _cVictory _d2006 _eСПб. _gПечатный двор им. А. М. Горького |
||
| 215 |
_a958 с. _d17 |
||
| 300 | _aНа обл.: Neu | ||
| 510 | 0 | _aDeutsch-Russisch Russisch-Deutsch Worterbuch | |
| 606 | 0 |
_aНемецкий язык _xСловари _xРусский язык _91696762 _3RU\NLR\auth\66754878 |
|
| 606 | 0 |
_aРусский язык _xСловари _xНемецкий язык _91537828 _3RU\NLR\auth\66971516 |
|
| 610 | 0 | _aФилологические науки. Художественная литература -- Языкознание -- Индоевропейские языки -- Германские языки -- Западногерманские языки -- Немецкий язык -- Лексикография -- Параллельные словари | |
| 686 |
_aШ143.24-48 _2rubbk |
||
| 686 | _aШ143.24-491перев | ||
| 686 | _aШ141.12-491перев | ||
| 702 | 1 |
_4220 _8rus _7ca _aФилиппова _bМ. С. _cфилолог, нем. язык _3RU\NLR\AUTH\7712341 _9122063 |
|
| 801 | 0 |
_aRU _bРКП _c20061117 _grcr |
|
| 801 | 1 |
_aRU _bРГБ _c20061117 |
|
| 801 | 2 |
_aRU _bNLR _c20070111 _grcr |
|
| 942 | _cBOOK | ||
| 980 | _aNB | ||